| 000 | 01132cac a22003375a 4500 | ||
|---|---|---|---|
| 001 | 13527756 | ||
| 005 | 20150825143342.0 | ||
| 008 | 040318t2009 njuab b 001 0 eng | ||
| 010 | _a 2004045395 | ||
| 020 | _a0136068286 | ||
| 020 | _a9780136068280 | ||
| 040 |
_aDLC _beng _cDLC _dEG-ScBUE |
||
| 042 | _apcc | ||
| 050 | 0 | 0 |
_aTD353 _b.V54 2005 |
| 082 | 0 | 4 |
_a628.1 _bWAT _222 |
| 245 | 0 |
_aWater supply and pollution control / _cWarren Viessman,...[et. al.] |
|
| 250 | _a8th ed. | ||
| 260 |
_aUpper saddle river: _bPearson Prentice Hall, _cc.2009 |
||
| 300 |
_a 861 p. : _bill.; _c25 cm. |
||
| 500 | _aIndex : p.847-861. | ||
| 504 | _aBibliography :p.834-836. | ||
| 590 | _adoha | ||
| 650 | 0 |
_aWater-supply _xManagement. _94160 _2BUEsh |
|
| 650 | 0 |
_aWater _xPurification. _94161 _2BUEsh |
|
| 650 | 0 |
_aSewage _xPurification. _94162 _2BUEsh |
|
| 651 | _2BUEsh | ||
| 653 |
_bENGGEN _cOctober2012 _cAugust2015 |
||
| 700 | _a Viessman,Warren | ||
| 942 |
_2ddc _cBB |
||
| 999 |
_c11409 _d11409 |
||